[Event "FRA-ch U18 Girls"]
[Site "Saint Paul Trois Chateaux"]
[Date "2013.04.29"]
[Round "2"]
[White "Navrotescu, Andreea Cristiana"]
[Black "Branlant, Albane"]
[Result "1-0"]
[WhiteElo "2116"]
[BlackElo "1667"]
[PlyCount "35"]
[EventDate "2013.04.28"]
[EventType "swiss"]
[EventRounds "9"]
[EventCountry "FRA"]
[SourceTitle "CBM 154 Extra"]
[Source "ChessBase"]
[SourceDate "2013.06.25"]
[SourceVersion "2"]
[SourceVersionDate "2013.06.25"]
[SourceQuality "1"]

1. d4 d5 2. c4 e6 3. Nf3 f5 4. Nc3 Nf6 5. Bf4 c6 6. e3 Be7 7. Qc2 0-0 8. Bd3 Ne4 9. g4 Nd7 10. gxf5 exf5 11. cxd5 Nxc3 12. bxc3 cxd5 13. Bxf5 Nf6 14. Bd3 Ne4 15. Bxe4 dxe4 16. Qxe4 Bf5 17. Qxb7 Bd6 18. Qd5+ 1-0

[Event "FRA-ch U18 Girls"]
[Site "Saint Paul Trois Chateaux"]
[Date "2013.04.28"]
[Round "1"]
[White "Branlant, Albane"]
[Black "Nicolas Manceau, Maya"]
[Result "1-0"]
[WhiteElo "1667"]
[BlackElo "1432"]
[PlyCount "111"]
[EventDate "2013.04.28"]
[EventType "swiss"]
[EventRounds "9"]
[EventCountry "FRA"]
[SourceTitle "CBM 154 Extra"]
[Source "ChessBase"]
[SourceDate "2013.06.25"]
[SourceVersion "2"]
[SourceVersionDate "2013.06.25"]
[SourceQuality "1"]

1. d4 d5 2. c4 e6 3. Nc3 Nf6 4. cxd5 exd5 5. Bg5 Be7 6. e3 0-0 7. Bd3 Be6 8. Nge2 c6 9. 0-0 Qc8 10. Qc2 c5 11. Bxh7+ Kh8 12. dxc5 Qxc5 13. Bf5 Bd7 14. Rfd1 Bc6 15. Rd4 Rd8 16. Rad1 Nbd7 17. Rh4+ Kg8 18. Bh7+ Kf8 19. Bf5 Kg8 20. Rh3 Nb6 21. Rd4 Ne4 22. Bxe7 Qxe7 23. Bh7+ Kf8 24. Bxe4 Qe5 25. Bd3 Rac8 26. Rh8+ Ke7 27. Rxd8 Rxd8 28. Ng3 g6 29. Be2 Kf8 30. Bf3 Nc4 31. Nge2 Kg7 32. b3 Nb6 33. Nf4 g5 34. Nh5+ Kh6 35. Ng3 Kg7 36. Qf5 Qxf5 37. Nxf5+ Kf6 38. Ng3 Ke5 39. Rd1 Rd6 40. Nge2 f5 41. g4 Rf6 42. Nd4 f4 43. e4 dxe4 44. Nxc6+ Rxc6 45. Nxe4 Rg6 46. Nc5 Rg7 47. a4 a5 48. Nxb7 Rc7 49. Nxa5 Rc3 50. Be2 Nd5 51. Bc4 Nb4 52. Nb7 Rc2 53. Ra1 Rd2 54. a5 Rd7 55. a6 Nc6 56. Bb5 1-0

[Event "FRA-ch U16 Girls"]
[Site "Nimes"]
[Date "2012.04.17"]
[Round "5"]
[White "Branlant, Albane"]
[Black "Navrotescu, Andreea Cristiana"]
[Result "0-1"]
[WhiteElo "1659"]
[BlackElo "2094"]
[PlyCount "132"]
[EventDate "2012.04.14"]
[EventType "swiss"]
[EventRounds "9"]
[EventCountry "FRA"]
[SourceTitle "CBM 148 Extra"]
[Source "ChessBase"]
[SourceDate "2012.06.22"]
[SourceVersion "1"]
[SourceVersionDate "2012.06.22"]
[SourceQuality "1"]

1. d4 Nf6 2. c4 e6 3. Nc3 Bb4 4. e3 c5 5. Bd3 Nc6 6. Nge2 Bxc3+ 7. Nxc3 d6 8. 0-0 0-0 9. a3 e5 10. d5 Ne7 11. Qc2 g6 12. e4 Nh5 13. Bh6 Ng7 14. f4 f5 15. fxe5 dxe5 16. Qd2 f4 17. Qf2 b6 18. Qh4 Nc6 19. Bg5 Qd7 20. Be2 Nd4 21. Bf6 Re8 22. Qg5 Qd6 23. Kf2 Ba6 24. Bxg7 Kxg7 25. Bd3 h6 26. Qg4 Rf8 27. Ne2 Bc8 28. Qh4 Nb3 29. Rad1 b5 30. cxb5 c4 31. Bc2 g5 32. Qh5 Qc5+ 33. Ke1 Qxb5 34. h4 Qa5+ 35. Nc3 Nd4 36. Rd2 Qd8 37. Rh1 Qf6 38. hxg5 Qxg5 39. Qxg5+ hxg5 40. Kf2 Rb8 41. Bd1 Bd7 42. Ne2 Nb5 43. Nc3 Nxc3 44. bxc3 Rb1 45. Re1 Ra1 46. Be2 Rxa3 47. Rc1 Rc8 48. d6 Kf6 49. Rd5 a5 50. Ke1 a4 51. Ra5 Be6 52. Bd1 Rd8 53. Ra6 Ra2 54. Be2 a3 55. Rd1 Rd7 56. Ra4 Rxe2+ 57. Kxe2 Bg4+ 58. Ke1 Bxd1 59. Kxd1 Rxd6+ 60. Ke2 Rd3 61. Rxa3 Re3+ 62. Kd2 Rxe4 63. Ra1 g4 64. Rf1 Re3 65. Rf2 Rd3+ 66. Kc2 Kf5 0-1